| 000 | 00605nam a22002057a 4500 | ||
|---|---|---|---|
| 005 | 20251108173425.0 | ||
| 008 | 250721s1999 xx 000 0 ara d | ||
| 082 | 1 | 4 | _aط/612.821/لما |
| 100 | 1 | _aلماضة، عاطف | |
| 245 | 1 | 0 | _aالنوم / |
| 264 | 1 |
_aطنطا : _bدار الصحابة، _c1999. |
|
| 300 | _a16ص | ||
| 490 | 0 | _aعظمة الخالق في جسم الإنسان 9 | |
| 650 | 1 | 7 | _aالنوم |
| 650 | 1 | 7 | _aالقرآن الكريم |
| 650 | 1 | 7 | _aجسم الإنسان |
| 653 | _aمرحلة ناشؤون صغار(10-14) سنة | ||
| 942 |
_2ddc _cBK |
||
| 999 |
_c103531 _d103531 |
||